| 000 | 00785nam a22002417a 4500 | ||
|---|---|---|---|
| 005 | 20170124110223.0 | ||
| 010 | _aA-036161 | ||
| 020 | _c00.00 | ||
| 035 | _aA-036161 | ||
| 037 | _bCen Lib/Ret | ||
| 040 |
_aDPL _bEN |
||
| 082 |
_a615.52 _bKHO |
||
| 100 |
_aKhory, Rustomjee Naserwanjee _940170 |
||
| 245 |
_aMateria medica of India and their therapeutics / _cby Rustomjee Naserwanjee Khory [and] Nanabhai Navrosji Katrak |
||
| 260 |
_aDelhi _bNeeraj Publishing House |
||
| 270 |
_aB-3/94, Ashok Vihar Phase-II _bDelhi _e110052 |
||
| 300 |
_a809p. _c20cm(Hb) |
||
| 500 | _aIncludes index | ||
| 650 |
_aMateria medica, Vegetable _940171 |
||
| 650 |
_aHerbal Medicine _940172 |
||
| 700 |
_aKatrak, Nanabhai Navrosji _940173 |
||
| 942 |
_2ddc _cEN _h615.52 _mKHO |
||
| 999 |
_c134238 _d134238 |
||